000
00433nam a2200133Ia 4500
008
100328s9999 xx 000 0 und d
082
_b
22382
100
_a
आपटे ह.ना.
245
_a
चाणाक्षपणाचा कळस
260
_b
आंबेडकर द.वा.
630
_a
चाणाक्षपणाचा कळस
730
_a
चाणाक्षपणाचा कळस
942
_c
BOOK
999
_c
516280
_d
516277